000 00771nam a2200181Ia 4500
008 151202s9999||||xx |||||||||||||| ||und||
082 _bPNVM-60484
100 _aचेस जेम्स हॅडली अनु.गुजर अनिल.
245 _aशिक्षा तुझ्या कपाळी.
260 _bस्वप्न प्रकाशन पुणे.
260 _c60484
300 _a183
600 _aचेस जेम्स हॅडली अनु.गुजर अनिल.
630 _aशिक्षा तुझ्या कपाळी.
700 _aचेस जेम्स हॅडली अनु.गुजर अनिल.
730 _aशिक्षा तुझ्या कपाळी.
942 _cBOOK
999 _c1327018
_d1327015